01794 a2200289 450000100040000000500170000400800410002100300150006204000400007708001180011724501150023502000220035026400340037230000180040650507050042410000200112970000230114970000230117270000250119570000260122070000300124670000200127670000210129670000260131770000240134385601370136717720260407155414.0260407a2007 arg spa dAR-UNSa-BCEJYS aAR-UNSa-BCEJYSbspacAR-UNSa-BCEJYS a343.359xDelitos contra el fisco y otras autoridades administrativas (Derecho Penal Tributario, Delitos fiscales)10aEstudios sobre el proceso penal tributariopetapas, instancias y partes. Derecho procesal nacional y comparado a978-987-01-0689-0 1aBuenos Aires :bErreparc2007 a517 p.c22 cm a1. La denuncia del ilícito penal tributario y previsional 2. El fiscal en el proceso penal tributario durante la etapa de instrucción 3. Características particulares de la etapa de la instrucción en el proceso penal tributario 4. La defensa en el proceso penal tributario 5. Algunos aspectos de la intervención de la cámara nacional de apelaciones en lo penal económico en el proceso penal tributario 6. El Juicio común en el proceso penal 7. El recurso de casación en el proceso penal tributario 8. Auditoría y responsabilidad penal tributaria de las personas jurídicas y profesinales 9. La comparación de los riesgos penales relevantes en la reprimenda del delito tributario1 aGómez, Teresa1 aLlano, Hernán de1 aDíaz, Vicente O.1 aGrabivker, Marcos A.1 aLedesma, Angela Ester1 aLópez Biscayart, Javier1 aLozada, Alberto1 aPirolo, Federico1 aRobiglio, Carolina L.1 aSequeira, Marcos A.41uhttps://biblioeco.unsa.edu.ar/pmb/images/libros/Estudio sobre el proceso penal tributario-l117460.jpgyImagen de portadaqimage/jpeg